LEADER 00974nam0 2200301 450 001 9910343957803321 005 20191107155425.0 010 $a978-88-86345-80-4 100 $a20191107d2009----km y0itay50 ba 101 0 $aita 102 $aIT 105 $a 001yy 200 1 $aAndate e ritorni$econversazioni tra passato presente e futuro con Loris Tonino Paroli$fa cura di Giovanna Panigadi e Romano Giuffrida$g[prefazione di Renato Curcio ; postfazione di Prospero Gallinari] 210 $aPaderno Dugnano$cColibri$d2009 215 $a223 p.$d24 cm 225 1 $aColibrì ricerche 610 0 $aTerrorismo$aItalia$a1968-1980 676 $a322.42$v22$zita 702 1$aParoli,$bLoris Tonino 702 1$aPanigadi,$bGiovanna 702 1$aGiuffrida,$bRomano 801 0$aIT$bUNINA$gREICAT$2UNIMARC 901 $aBK 912 $a9910343957803321 952 $a322.42 PAN 1$b6739$fBFS 959 $aBFS 996 $aAndate e ritorni$91565708 997 $aUNINA LEADER 03335nam 2200697Ia 450 001 9910975311203321 005 20200520144314.0 010 $a1-04-020743-X 010 $a0-429-14091-6 010 $a1-4200-8299-X 024 7 $a10.1201/9781420082999 035 $a(CKB)2670000000034962 035 $a(EBL)555698 035 $a(OCoLC)671648500 035 $a(SSID)ssj0000419163 035 $a(PQKBManifestationID)11301698 035 $a(PQKBTitleCode)TC0000419163 035 $a(PQKBWorkID)10382613 035 $a(PQKB)11101683 035 $a(Au-PeEL)EBL555698 035 $a(CaPaEBR)ebr10400626 035 $a(CaONFJC)MIL692819 035 $a(OCoLC)226357322 035 $a(FINmELB)ELB156216 035 $a(MiAaPQ)EBC555698 035 $a(EXLCZ)992670000000034962 100 $a20100301d2010 uy 0 101 0 $aeng 135 $aur|n|---||||| 181 $ctxt 182 $cc 183 $acr 200 00$aHandbook of chemoinformatics algorithms /$feditors, Jean-Loup Faulon, Andreas Bender 205 $a1st ed. 210 $aBoca Raton $cChapman & Hall/CRC$d2010 215 $a1 online resource (454 p.) 225 1 $aChapman & Hall/CRC mathematical and computational biology series 300 $aDescription based upon print version of record. 311 08$a1-322-61537-3 311 08$a1-4200-8292-2 320 $aIncludes bibliographical references and index. 327 $aFront Cover; Contents; Preface; Acknowledgments; Contributors; Chapter 1: Representing Two-Dimensional (2D) Chemical Structureswith Molecular Graphs; Chapter 2: Algorithms to Store and Retrieve Two-Dimensional (2D) Chemical Structures; 3 Three-Dimensional (3D) MolecularRepresentations; Chapter 4: Molecular Descriptors; 5 Ligand- andStructure-Based VirtualScreening; Chapter 6: Predictive Quantitative Structure-Activity Relationships Modeling; Chapter 7: Predictive Quantitative Structure-Activity Relationships Modeling; Chapter 8: Structure Enumeration and Sampling 327 $aChapter 9: Computer-Aided Molecular DesignChapter 10: Computer-Aided Molecular Design; Chapter 11: Reaction Network Generation; Chapter 12: Open Source Chemoinformatics Software and DatabaseTechnologies; Chapter 13: Sequence Alignment Algorithms; Chapter 14: Machine Learning-Based Bioinformatics Algorithms; Chapter 15: Using Systems Biology Techniques to Determine Metabolic Fluxes and Metabolite Pool Sizes; Index; Back Cover 330 $aDescribing the characteristics and limitations of key algorithms, this book covers various aspects of chemoinformatics, including structure representation, molecular descriptors, similarity search, virtual screening, and structure-property model generation and validation. 410 0$aChapman and Hall/CRC mathematical & computational biology series. 606 $aCheminformatics$vHandbooks, manuals, etc 606 $aAlgorithms 606 $aGraph theory 615 0$aCheminformatics 615 0$aAlgorithms. 615 0$aGraph theory. 676 $a542/.85 701 $aFaulon$b Jean-Loup$01828993 701 $aBender$b Andreas$f1976-$0887731 801 0$bMiAaPQ 801 1$bMiAaPQ 801 2$bMiAaPQ 906 $aBOOK 912 $a9910975311203321 996 $aHandbook of chemoinformatics algorithms$94398143 997 $aUNINA